ბათუმის შოთა რუსთაველის სახელმწიფო უნივერსიტეტის ბიბლიოთეკა

Teaching plagiarism prevention to college students : (ბიბ.ჩანაწერი № 58234)

000 -LEADER
fixed length control field 01018cam a2200265 i 4500
001 - CONTROL NUMBER
control field 19100211
005 - DATE AND TIME OF LATEST TRANSACTION
control field 20210927121949.0
008 - FIXED-LENGTH DATA ELEMENTS--GENERAL INFORMATION
fixed length control field 160519s2016 mdu b 001 0 eng
020 ## - INTERNATIONAL STANDARD BOOK NUMBER
International Standard Book Number 9781442264410
041 ## - LANGUAGE CODE
Language code of text/sound track or separate title eng
080 ## - UNIVERSAL DECIMAL CLASSIFICATION NUMBER
Universal Decimal Classification number 37+808.025 S-88
100 1# - MAIN ENTRY--PERSONAL NAME
Personal name Strittmatter, Connie
9 (RLIN) 12558
245 10 - TITLE STATEMENT
Title Teaching plagiarism prevention to college students :
Remainder of title an ethics-based approach /
Statement of responsibility, etc. Connie Strittmatter, Virginia K. Bratton.
264 #1 - PRODUCTION, PUBLICATION, DISTRIBUTION, MANUFACTURE, AND COPYRIGHT NOTICE
Place of production, publication, distribution, manufacture Lanham, Maryland :
Name of producer, publisher, distributor, manufacturer Rowman & Littlefield,
Date of production, publication, distribution, manufacture, or copyright notice 2016.
300 ## - PHYSICAL DESCRIPTION
Extent 139 pages ;
Dimensions 23 cm.
650 #0 - SUBJECT ADDED ENTRY--TOPICAL TERM
Topical term or geographic name entry element Plagiarism
General subdivision Prevention.
9 (RLIN) 12559
650 #0 - SUBJECT ADDED ENTRY--TOPICAL TERM
Topical term or geographic name entry element Plagiarism
General subdivision Moral and ethical aspects.
9 (RLIN) 12560
650 #0 - SUBJECT ADDED ENTRY--TOPICAL TERM
Topical term or geographic name entry element Education, Higher
General subdivision Moral and ethical aspects.
9 (RLIN) 12561
650 #0 - SUBJECT ADDED ENTRY--TOPICAL TERM
Topical term or geographic name entry element Student ethics.
9 (RLIN) 12562
653 ## - INDEX TERM--UNCONTROLLED
keyword პლაგიატი
653 ## - INDEX TERM--UNCONTROLLED
keyword პრევენცია
653 ## - INDEX TERM--UNCONTROLLED
keyword მორალური და ეთიკური ასპექტები
700 1# - ADDED ENTRY--PERSONAL NAME
Personal name Bratton, Virginia K.,
Dates associated with a name
Relator term ავტორი
9 (RLIN) 12563
942 ## - ADDED ENTRY ELEMENTS (KOHA)
Source of classification or shelving scheme
Koha item type წიგნი
ეგზემპლარები
Withdrawn status Lost status Source of classification or shelving scheme Damaged status Not for loan Permanent Location Current Location Shelving location Date acquired Cost, normal purchase price Full call number Barcode Date last seen Copy number Price effective from Koha item type Public note
          ბათუმის შოთა რუსთაველის სახელმწიფო უნივერსიტეტის მთავარი ბიბლიოთეკა ბათუმის შოთა რუსთაველის სახელმწიფო უნივერსიტეტის მთავარი ბიბლიოთეკა წიგნსაცავი 2021-09-27 124.00 37+808.025 S-88 61732 2021-09-27 61732 2021-09-27 წიგნი 124 ლ.
          ბათუმის შოთა რუსთაველის სახელმწიფო უნივერსიტეტის მთავარი ბიბლიოთეკა ბათუმის შოთა რუსთაველის სახელმწიფო უნივერსიტეტის მთავარი ბიბლიოთეკა წიგნსაცავი 2021-09-27 124.00 37+808.025 S-88 61733 2021-09-27 61733 2021-09-27 წიგნი 124 ლ.